[Event "Tournoi Skype 017B"]
[Site "Skype"]
[Date "????.??.??"]
[Round "3.4"]
[White "Galani, Mahendra"]
[Black "Rugman, Dan"]
[Result "0-1"]
[WhiteElo "1448"]
[BlackElo "1320"]
[PlyCount "92"]

1. e4 c5 2. c3 d5 3. d3 Nc6 4. Nd2 Nf6 5. exd5 Qxd5 6. Ne2 e5 7. Ng3 Be7 8. h3
O-O 9. Nde4 Rd8 10. Be3 b6 11. c4 Qd7 12. Nxf6+ Bxf6 13. Qf3 Bb7 14. Ne4 Be7
15. Qg3 Nb4 16. O-O-O Bxe4 17. Bh6 g6 18. h4 Nxd3+ 19. Bxd3 Bxd3 20. h5 Qd4 21.
Rxd3 Qxd3 22. Qxe5 Qxc4+ 23. Kb1 Bf8 24. Be3 Rd5 25. Qg3 Rad8 26. Qf3 Bg7 27.
Rc1 Qd3+ 28. Rc2 Qd1+ 29. Rc1 Qxf3 30. gxf3 Rf5 31. hxg6 fxg6 32. f4 Bh6 33.
Rg1 Bxf4 34. Re1 Re8 35. Rd1 Bxe3 36. fxe3 Kf7 37. Rd7+ Re7 38. Rd3 h5 39. Kc1
h4 40. Kd1 h3 41. e4 Rh5 42. Rf3+ Kg7 43. Rf1 h2 44. Rh1 Rxe4 45. Kd2 Rg4 46.
Ke2 Rg1 0-1

[Event "Tournoi Skype 017B"]
[Site "Skype"]
[Date "????.??.??"]
[Round "3.5"]
[White "Torres, Vicky"]
[Black "Cossalter, Maurizio"]
[Result "0-1"]
[WhiteElo "1323"]
[BlackElo "1447"]
[PlyCount "50"]

1. e4 c5 2. Nf3 Nc6 3. Bb5 Qb6 4. Nc3 e6 5. O-O d6 6. d4 cxd4 7. Nxd4 Nf6 8.
Re1 Be7 9. Be3 Qc7 10. Nf3 O-O 11. Bd3 d5 12. exd5 exd5 13. h3 Be6 14. Ne2 Ne5
15. Bf4 Nxf3+ 16. gxf3 Bd6 17. Qd2 Bxh3 18. Kh2 Be6 19. c3 Nh5 20. Bxd6 Qxd6+
21. Ng3 Nf4 22. Qc2 h6 23. Bb5 Qd8 24. Kg1 Qg5 25. Qd2 Nh3+ 0-1

[Event "Tournoi Skype 017B"]
[Site "Skype"]
[Date "????.??.??"]
[Round "3.6"]
[White "Tamditi, Ibrahim"]
[Black "Dubois, Real"]
[Result "0-1"]
[WhiteElo "1288"]
[BlackElo "1410"]
[PlyCount "126"]

1. e4 e5 2. Nf3 d6 3. d4 Be7 4. dxe5 dxe5 5. Qxd8+ Bxd8 6. Nxe5 Nf6 7. Bc4 O-O
8. Bxf7+ Rxf7 9. Nxf7 Kxf7 10. e5 Nd5 11. O-O c6 12. a3 Be6 13. c4 Ne7 14. Bg5
Na6 15. Bxe7 Bxe7 16. b3 Rd8 17. Nc3 Nc7 18. Rfd1 Ke8 19. Rxd8+ Kxd8 20. Rd1+
Ke8 21. a4 Na6 22. Ne4 Nb4 23. Rd2 c5 24. Nc3 a6 25. Nd5 Nxd5 26. cxd5 Bc8 27.
d6 Bg5 28. Rd5 b6 29. g3 Bd7 30. e6 Bxe6 31. Rxg5 g6 32. Re5 Kd7 33. f4 Kxd6
34. Kf2 Bxb3 35. Re4 Be6 36. Ke3 Bd7 37. Kd2 Be6 38. Kc3 Kd7 39. Re5 Kd6 40.
Re2 Bd7 41. Rb2 Kc6 42. h4 Kc7 43. Kb3 Be6+ 44. Ka3 Kc6 45. Re2 Kd6 46. Rg2 c4
47. g4 Bd5 48. Rg3 Kc5 49. f5 gxf5 50. gxf5 b5 51. axb5 axb5 52. Kb2 b4 53. f6
c3+ 54. Kc1 Bf7 55. Rg5+ Kc4 56. Kc2 b3+ 57. Kc1 b2+ 58. Kc2 Be8 59. Rg4+ Kc5
60. Rg1 Kb4 61. Rg4+ Ka3 62. Rc4 Ka2 63. f7 b1=Q+ 0-1

[Event "Tournoi Skype 017B"]
[Site "Skype"]
[Date "????.??.??"]
[Round "3.7"]
[White "Vello, Pablo"]
[Black "Talbot, Jacques"]
[Result "1-0"]
[WhiteElo "1361"]
[BlackElo "1452"]
[PlyCount "47"]

1. d4 d5 2. c4 e6 3. Nf3 Nf6 4. Bf4 Bd6 5. Bxd6 Qxd6 6. Nc3 a6 7. e3 Nbd7 8.
cxd5 exd5 9. Bd3 c6 10. h3 O-O 11. O-O Re8 12. Re1 h6 13. e4 dxe4 14. Nxe4 Nxe4
15. Bxe4 Nf6 16. Bd3 Be6 17. Qd2 Nd5 18. a3 Nf4 19. Ne5 Bd5 20. Qxf4 f6 21. Bg6
Re7 22. Qf5 fxe5 23. Rxe5 Rf8 24. Bh7+ 1-0

[Event "Tournoi Skype 017B"]
[Site "Skype"]
[Date "????.??.??"]
[Round "3.8"]
[White "Bousbia, Amine"]
[Black "Lemoine, Gerard"]
[Result "1-0"]
[WhiteElo "1418"]
[BlackElo "1202"]
[PlyCount "71"]

1. f4 d5 2. Nf3 e6 3. b3 c5 4. Bb2 Nf6 5. d3 Be7 6. e3 a6 7. Be2 b5 8. O-O Bb7
9. Ne5 Nbd7 10. Nxd7 Qxd7 11. Nd2 O-O 12. Nf3 Ng4 13. Ne5 Nxe3 14. Nxd7 Nxd1
15. Raxd1 Rfd8 16. Nb6 Rab8 17. Be5 Bd6 18. c4 Bc6 19. Bxd6 Rxd6 20. d4 dxc4
21. dxc5 Rdd8 22. bxc4 Kf8 23. cxb5 axb5 24. a3 Ke7 25. f5 e5 26. Bf3 e4 27.
Rde1 Rd4 28. Bxe4 Bxe4 29. Rf4 Kf6 30. Nd7+ Rxd7 31. Rexe4 Rd1+ 32. Kf2 Kg5 33.
h4+ Kf6 34. g4 Rd2+ 35. Ke3 Rd5 36. g5# 1-0

[Event "Tournoi Skype 017B"]
[Site "Skype"]
[Date "????.??.??"]
[Round "3.9"]
[White "Gerbaux, Regis"]
[Black "Khatanhar, Mohit"]
[Result "0-1"]
[WhiteElo "1311"]
[BlackElo "1283"]
[PlyCount "78"]

1. e4 e5 2. Bc4 Nf6 3. Nc3 Be7 4. Nf3 d6 5. d4 exd4 6. Nxd4 Bd7 7. Qf3 h6 8.
Nf5 Bxf5 9. exf5 c6 10. Qh3 Qc8 11. Bg5 Nbd7 12. Bxf6 Bxf6 13. Ne4 d5 14. Nd6+
Kd8 15. Nxc8 Rxc8 16. Be2 Kc7 17. Qg3+ Be5 18. Qb3 Kb8 19. Ba6 Nc5 20. Qb4 Bd6
21. c4 Nd3+ 22. Ke2 Nxb4 23. cxd5 cxd5 24. Rhd1 d4 25. Rxd4 Rhe8+ 26. Kf1 Bc5
27. Rd7 Bb6 28. Rxf7 Rc2 29. Rxg7 Ree2 30. Rg8+ Kc7 31. Rg7+ Kd8 32. Rd1+ Ke8
33. Re1 Rxe1+ 34. Kxe1 Rxb2 35. Rxb7 Rxa2 36. f6 Rxf2 37. Rxb6 axb6 38. Kxf2
Kf7 39. Ke3 Kxf6 0-1

[Event "Tournoi Skype 017B"]
[Site "Skype"]
[Date "????.??.??"]
[Round "3.10"]
[White "Rescober, Joel Plata"]
[Black "Ceciliano, Isaac"]
[Result "1-0"]
[WhiteElo "1480"]
[BlackElo "1143"]
[PlyCount "69"]

1. d4 Nf6 2. c4 e6 3. Nc3 d5 4. Nf3 c5 5. e3 Nc6 6. cxd5 Nxd5 7. Be2 Be7 8. O-O
O-O 9. Re1 cxd4 10. exd4 Nb6 11. Be3 Bb4 12. Rc1 Bxc3 13. Rxc3 Na4 14. Qxa4 Bd7
15. Rec1 Ne5 16. Qb3 Nxf3+ 17. Bxf3 Bc6 18. Bxc6 bxc6 19. Rxc6 Rb8 20. Qc3 Qe7
21. Bf4 Rb6 22. Bd6 Qxd6 23. Rxd6 Rxd6 24. h3 Rdd8 25. Qc7 Rxd4 26. Qxa7 Rd2
27. b4 h6 28. b5 Rb2 29. a4 e5 30. b6 Rd8 31. b7 e4 32. Rc8 Rf8 33. Rxf8+ Kxf8
34. b8=Q+ Rxb8 35. Qxb8+ 1-0

[Event "Tournoi Skype 017B"]
[Site "Skype"]
[Date "????.??.??"]
[Round "3.12"]
[White "Martin, Jean-Claude"]
[Black "Moumtaz, Abderrahim"]
[Result "1-0"]
[WhiteElo "1455"]
[BlackElo "1216"]
[PlyCount "27"]

1. d4 d5 2. c4 e6 3. Nc3 Nf6 4. Nf3 Be7 5. Bf4 Nbd7 6. a3 O-O 7. e3 c5 8. Bd3
cxd4 9. exd4 Re8 10. Nb5 e5 11. Nxe5 a6 12. Nxf7 Kxf7 13. Bc7 Qxc7 14. Nxc7 1-0

[Event "Tournoi Skype 017B"]
[Site "Skype"]
[Date "????.??.??"]
[Round "3.14"]
[White "Kruk, Clementine"]
[Black "Hargez, Dany"]
[Result "1-0"]
[WhiteElo "1187"]
[BlackElo "1421"]
[PlyCount "55"]

1. e4 e5 2. Nf3 Nc6 3. Bc4 Nf6 4. Ng5 Qe7 5. Nxf7 Nd8 6. Nxh8 Nxe4 7. Nc3 Nf6
8. O-O g6 9. d4 e4 10. d5 d6 11. Re1 Qg7 12. Nxe4 Kd7 13. Nxf6+ Qxf6 14. Qg4+
Qf5 15. Qxf5+ gxf5 16. Bg5 Bg7 17. Bxd8 Bxh8 18. Be7 c6 19. c3 Kc7 20. dxc6
bxc6 21. Rad1 Be5 22. g3 h5 23. f4 Bg7 24. Bxd6+ Kb6 25. Rd3 Bb7 26. b4 Rh8 27.
Bc5+ Kc7 28. Re7+ 1-0

[Event "Tournoi Skype 017B"]
[Site "Skype"]
[Date "????.??.??"]
[Round "3.17"]
[White "Martin, Elise"]
[Black "Karia, Kirti"]
[Result "0-1"]
[WhiteElo "1038"]
[BlackElo "1354"]
[PlyCount "54"]

1. e4 e5 2. Nf3 Nc6 3. d3 Nf6 4. Bg5 Bc5 5. Nc3 O-O 6. Be2 h6 7. Bh4 g5 8. Bg3
d6 9. O-O g4 10. Nh4 d5 11. exd5 Nxd5 12. Ne4 Bb6 13. Qd2 h5 14. c4 Nf4 15.
Bxf4 exf4 16. Qxf4 Qxh4 17. Nf6+ Kg7 18. Nd5 Re8 19. Bd1 Ne5 20. d4 Nxc4 21.
Rc1 Nxb2 22. Bb3 Nd3 23. Qf5 Bxf5 24. Rc3 Bxd4 25. Rxc7 Bxf2+ 26. Kh1 Bg3 27.
Kg1 Qxh2# 0-1

[Event "Tournoi Skype 017B"]
[Site "Skype"]
[Date "????.??.??"]
[Round "3.18"]
[White "Vervoort, Jean-Louis"]
[Black "Amato, Ludovica"]
[Result "1-0"]
[WhiteElo "1330"]
[BlackElo "1207"]
[PlyCount "39"]

1. d4 Nf6 2. c4 g6 3. d5 Bg7 4. Nc3 O-O 5. e4 e6 6. Bd3 exd5 7. cxd5 c6 8. Nf3
Re8 9. O-O d6 10. Re1 Nbd7 11. Qc2 Ne5 12. Nxe5 dxe5 13. Qb3 cxd5 14. exd5 Nxd5
15. Nxd5 Bg4 16. Bc4 Be6 17. Be3 Bxd5 18. Bxd5 Qc7 19. Rac1 Qd7 20. Rc2 1-0

[Event "Tournoi Skype 017B"]
[Site "Skype"]
[Date "????.??.??"]
[Round "3.19"]
[White "Ruiz Gomez, Luz Alba"]
[Black "Vincent, Andre"]
[Result "0-1"]
[WhiteElo "1328"]
[BlackElo "1187"]
[PlyCount "118"]

1. d4 d5 2. c4 e6 3. Nc3 Nf6 4. Nf3 c6 5. Bg5 Be7 6. e3 Nbd7 7. Bd3 O-O 8. O-O
h6 9. Bh4 b6 10. Qc2 Ba6 11. cxd5 Bxd3 12. Qxd3 cxd5 13. Rac1 a6 14. Rfe1 b5
15. a3 b4 16. axb4 Bxb4 17. Re2 Qa5 18. e4 Bxc3 19. bxc3 dxe4 20. Qe3 exf3 21.
Qxf3 Qh5 22. Qxh5 Nxh5 23. g3 g5 24. g4 Nhf6 25. Bg3 Nxg4 26. c4 Rfe8 27. h3
Ngf6 28. c5 Rec8 29. c6 Nb6 30. c7 Nfd5 31. Rb2 Nd7 32. Rc5 Nxc5 33. dxc5 Nxc7
34. Rd2 Nd5 35. Bd6 a5 36. Ra2 a4 37. Rc2 a3 38. Be5 a2 39. c6 Ra6 40. f3 Rcxc6
41. Rd2 Rc1+ 42. Kg2 a1=Q 43. Bxa1 Raxa1 44. Kf2 Rf1+ 45. Ke2 Nf4+ 46. Ke3
Rae1+ 47. Kd4 Rd1 48. Rxd1 Rxd1+ 49. Kc4 Nxh3 50. Kc5 Nf4 51. Kc4 Rf1 52. Kc5
Rxf3 53. Kc4 h5 54. Kd4 h4 55. Ke4 Ra3 56. Kd4 h3 57. Kc4 h2 58. Kb4 Rd3 59.
Kc4 h1=Q 0-1

[Event "Tournoi Skype 017B"]
[Site "Skype"]
[Date "????.??.??"]
[Round "3.21"]
[White "Bouffard, Georges"]
[Black "Milanese, Serge"]
[Result "0-1"]
[WhiteElo "1000"]
[BlackElo "1294"]
[PlyCount "86"]

1. e4 c5 2. Nf3 Nc6 3. d4 e6 4. c3 Nf6 5. Bd3 d6 6. Bg5 cxd4 7. cxd4 Be7 8. Be3
O-O 9. Nc3 Re8 10. e5 Nd5 11. Bd2 a6 12. Be4 dxe5 13. dxe5 h6 14. a3 b5 15. Ne2
Na5 16. O-O Nc4 17. Bc1 Rb8 18. Qb3 Bg5 19. Nfd4 Bd7 20. f4 Bh4 21. g3 Be7 22.
Rd1 f6 23. Nf3 Bc5+ 24. Ned4 fxe5 25. Nxe5 Nxe5 26. fxe5 Rf8 27. Bf3 Rf5 28.
Bf4 Nxf4 29. gxf4 Rxf4 30. Kf1 Qh4 31. Qe3 Qh3+ 32. Ke2 Qxh2+ 33. Kd3 Rxd4+ 34.
Kc3 Rc4+ 35. Kb3 Bxe3 36. Rxd7 Qc2+ 37. Ka2 Ra4 38. Bd1 Qc4+ 39. Bb3 Qc6 40.
Rd6 Qe4 41. Bxe6+ Kh7 42. b3 Ra5 43. b4 Qc2# 0-1

[Event "Tournoi Skype 017B"]
[Site "Skype"]
[Date "????.??.??"]
[Round "3.22"]
[White "Lequeux, Pierre"]
[Black "Douichi, Mohammed"]
[Result "1-0"]
[WhiteElo "1243"]
[BlackElo "1172"]
[PlyCount "135"]

1. e4 e5 2. Nf3 Nc6 3. Bc4 Nf6 4. Nc3 d6 5. h3 Be7 6. Ng5 O-O 7. Bxf7+ Kh8 8.
Bc4 d5 9. exd5 h6 10. Nge4 Nxe4 11. Nxe4 Nb4 12. a3 Nxd5 13. Nc3 Nf6 14. O-O e4
15. Re1 Bf5 16. d3 Re8 17. dxe4 Qxd1 18. Rxd1 Bxe4 19. Nxe4 Nxe4 20. Bd5 Nf6
21. Bxb7 Rad8 22. Rxd8 Bxd8 23. b4 Re1+ 24. Kh2 Nh5 25. Bb2 Re2 26. Bf3 Rxc2
27. Bxh5 Rxb2 28. Rd1 Bf6 29. Kg1 Kh7 30. Rd7 Rc2 31. Bf3 Be5 32. Be4+ Kg8 33.
Bxc2 Kf8 34. Rd8+ Ke7 35. Ra8 Bd4 36. a4 Bb6 37. Rh8 Kf6 38. Rf8+ Kg5 39. a5
Bd4 40. Rd8 Bf6 41. Rd5+ Kf4 42. g3+ Kf3 43. Bd1+ Ke4 44. Rb5 a6 45. Rb7 Kd5
46. Rxc7 Kd4 47. Be2 Be5 48. Ra7 Kc3 49. Rxa6 Kxb4 50. Re6 Kxa5 51. Rxe5+ Kb4
52. Re8 Kc3 53. Rh8 Kd2 54. Bh5 Kd3 55. Rg8 g5 56. h4 gxh4 57. gxh4 Ke4 58. Rh8
Kf5 59. Rxh6 Kf4 60. Bd1 Kf5 61. Rh5+ Kg6 62. Rg5+ Kh6 63. Rg8 Kh7 64. Rg2 Kh6
65. f4 Kh7 66. f5 Kh6 67. f6 Kh7 68. f7 1-0

[Event "Tournoi Skype 017B"]
[Site "Skype"]
[Date "????.??.??"]
[Round "3.23"]
[White "Bustos, Ricardo"]
[Black "Talbot, Jean"]
[Result "1-0"]
[WhiteElo "1239"]
[BlackElo "1031"]
[PlyCount "57"]

1. d4 d5 2. c4 dxc4 3. Nc3 e6 4. Nf3 Bb4 5. Qa4+ Nc6 6. e3 Bxc3+ 7. bxc3 Nf6 8.
Bxc4 Ne4 9. Qc2 f5 10. O-O O-O 11. Ba3 Rf6 12. Nd2 Nxd2 13. Qxd2 a6 14. Bb3 Rb8
15. d5 exd5 16. Bxd5+ Be6 17. Bxe6+ Rxe6 18. Qc2 b5 19. Qxf5 Qf6 20. Qd5 Rd8
21. Qb3 Na5 22. Qb4 Nc6 23. Qg4 Red6 24. Bxd6 Qxd6 25. Rad1 Qg6 26. Rxd8+ Nxd8
27. Qd4 Ne6 28. Qd5 h6 29. Qa8+ 1-0

[Event "Tournoi Skype 017B"]
[Site "Skype"]
[Date "????.??.??"]
[Round "3.24"]
[White "Picard, Mario"]
[Black "Rival, Jocelyn"]
[Result "1-0"]
[WhiteElo "1350"]
[BlackElo "1000"]
[PlyCount "39"]

1. d4 d5 2. Nc3 Nf6 3. Nf3 e6 4. e3 Bb4 5. Bd3 Bxc3+ 6. bxc3 c6 7. c4 Nbd7 8.
Ba3 c5 9. cxd5 exd5 10. dxc5 b6 11. c6 Nc5 12. Bb5 a6 13. c7+ axb5 14. cxd8=Q+
Kxd8 15. Bb4 Na6 16. Bd6 Ne4 17. Be5 f6 18. Bc3 Nxc3 19. Qd4 Ne4 20. Qxd5+ 1-0

[Event "Tournoi Skype 017B"]
[Site "Skype"]
[Date "????.??.??"]
[Round "3.26"]
[White "Tu, Harrison"]
[Black "Porcabeuf, Jean-Marc"]
[Result "0-1"]
[WhiteElo "1199"]
[BlackElo "1373"]
[PlyCount "24"]

1. e4 e6 2. Nf3 d5 3. exd5 Qxd5 4. Be2 Nf6 5. O-O Bc5 6. Nc3 Qd8 7. Nb5 c6 8.
Na3 O-O 9. Ng5 Qc7 10. d3 Qe5 11. Bf3 Bd6 12. Qe1 Qxh2# 0-1

[Event "Tournoi Skype 017B"]
[Site "Skype"]
[Date "????.??.??"]
[Round "3.27"]
[White "Lowery, Mike"]
[Black "Farthouat, Catherine"]
[Result "1-0"]
[WhiteElo "1369"]
[BlackElo "1197"]
[PlyCount "31"]

1. d4 Nf6 2. Nf3 e6 3. c4 a6 4. Bf4 d5 5. e3 Nc6 6. Nc3 Bb4 7. cxd5 Ne7 8. dxe6
fxe6 9. Qa4+ c6 10. Qxb4 b5 11. Bd3 Ned5 12. Nxd5 exd5 13. Bg5 Bg4 14. Ne5 Rc8
15. Nxg4 Nxg4 16. Bxd8 1-0

[Event "Tournoi Skype 017B"]
[Site "Skype"]
[Date "????.??.??"]
[Round "3.28"]
[White "Marty, Yvette"]
[Black "Gieschen, Mike"]
[Result "0-1"]
[WhiteElo "1000"]
[BlackElo "1339"]
[PlyCount "68"]

1. e4 e5 2. Nf3 Nc6 3. c3 Nf6 4. d4 exd4 5. cxd4 d5 6. e5 Ne4 7. Qe2 Bb4+ 8.
Bd2 Bxd2+ 9. Nbxd2 Nxd2 10. Qxd2 Bg4 11. Be2 Bxf3 12. Bxf3 O-O 13. O-O f6 14.
exf6 Rxf6 15. Rae1 Qd6 16. g3 Raf8 17. Re3 Re6 18. Bh5 Rxe3 19. Qxe3 g6 20. Bg4
a6 21. Be6+ Kg7 22. f4 Re8 23. Qe5+ Qxe5 24. fxe5 Rxe6 25. a3 Nxd4 26. Kg2 Rxe5
27. Rf2 c6 28. Rf4 Re4 29. h4 Rxf4 30. gxf4 Kf6 31. Kg3 Kf5 32. b4 Ne2+ 33. Kg2
Nxf4+ 34. Kf2 d4 0-1

[Event "Tournoi Skype 017B"]
[Site "Skype"]
[Date "????.??.??"]
[Round "3.31"]
[White "Mimouni, Driss"]
[Black "Gagnon, Sindy"]
[Result "1-0"]
[WhiteElo "1199"]
[BlackElo "1000"]
[PlyCount "55"]

1. e4 Nf6 2. d3 e5 3. Bg5 Bb4+ 4. Nc3 O-O 5. Nf3 d6 6. d4 exd4 7. Qxd4 Nc6 8.
Qd1 Re8 9. Be2 h6 10. Bh4 Nxe4 11. Bxd8 Rxd8 12. O-O Nxc3 13. bxc3 Bxc3 14. Bc4
Bxa1 15. Qxa1 d5 16. Bb3 Nb4 17. Qb2 Be6 18. Qc3 Nc6 19. Nh4 a5 20. Qg3 b5 21.
a4 bxa4 22. Bxa4 d4 23. Bxc6 Ra6 24. Be4 Bc4 25. Re1 a4 26. Nf5 Kf8 27. Qxg7+
Ke8 28. Bc6# 1-0

[Event "Tournoi Skype 017B"]
[Site "Skype"]
[Date "????.??.??"]
[Round "4.1"]
[White "De Coninck, Philippe"]
[Black "Bousbia, Amine"]
[Result "0-1"]
[WhiteElo "1492"]
[BlackElo "1418"]
[PlyCount "50"]

1. e4 c5 2. Nf3 d6 3. d4 cxd4 4. Nxd4 g6 5. Be2 Bg7 6. Nf3 Nd7 7. O-O Ngf6 8.
Nc3 O-O 9. h3 Nc5 10. e5 Nfe4 11. Nxe4 Nxe4 12. Qd5 Nc5 13. Rd1 Be6 14. Qd2
dxe5 15. Qxd8 Raxd8 16. Rxd8 Rxd8 17. Be3 b6 18. Bxc5 bxc5 19. c4 e4 20. Nd2
Rxd2 21. Rd1 Rxe2 22. b3 Bd4 23. Kf1 Rxf2+ 24. Ke1 e3 25. b4 Bc3+ 0-1

[Event "Tournoi Skype 017B"]
[Site "Skype"]
[Date "????.??.??"]
[Round "4.2"]
[White "Dubois, Real"]
[Black "Briere, Jean"]
[Result "0-1"]
[WhiteElo "1410"]
[BlackElo "1487"]
[PlyCount "72"]

1. d4 d5 2. Nf3 Nf6 3. e3 Bf5 4. Be2 e6 5. c3 Bd6 6. Nbd2 O-O 7. O-O Nbd7 8.
Re1 c5 9. dxc5 Nxc5 10. Nd4 Bd3 11. Bxd3 Nxd3 12. Re2 e5 13. N4b3 e4 14. Nf1
Re8 15. Qc2 Rc8 16. Bd2 Be5 17. Nd4 a6 18. Be1 Bxd4 19. exd4 Nxe1 20. Raxe1 Nh5
21. Qd2 f5 22. g3 Nf6 23. Qf4 Qd7 24. Kg2 h6 25. h4 Nh5 26. Qd2 Rf8 27. Nh2 f4
28. g4 f3+ 29. Nxf3 Qxg4+ 30. Kh2 Nf4 31. Qxf4 Qxf4+ 32. Kg1 Qxf3 33. Re3 Qxf2+
34. Kh1 Qxh4+ 35. Kg1 Qf2+ 36. Xxf2 Rf2 0-1

[Event "Tournoi Skype 017B"]
[Site "Skype"]
[Date "????.??.??"]
[Round "4.3"]
[White "Farthouat, Titoine"]
[Black "Cossalter, Maurizio"]
[Result "1-0"]
[WhiteElo "1398"]
[BlackElo "1447"]
[PlyCount "71"]

1. e4 c5 2. Nf3 Nc6 3. Bc4 e6 4. Nc3 d6 5. d3 Be7 6. O-O Nf6 7. Re1 O-O 8. Bg5
Nd7 9. Bxe7 Qxe7 10. d4 cxd4 11. Nxd4 Nde5 12. Bb5 Rb8 13. Rb1 a6 14. Bxc6 bxc6
15. f4 Nd7 16. Nxc6 Qf6 17. Nxb8 Nxb8 18. Qxd6 Bb7 19. Qe5 Qxe5 20. fxe5 Nc6
21. Red1 Nxe5 22. b4 Rc8 23. b5 g6 24. Rb3 axb5 25. Rxb5 Rxc3 26. Rxb7 Rxc2 27.
a4 Ra2 28. Ra7 Nc6 29. Ra8+ Kg7 30. Rc1 Nd4 31. Rc4 Ne2+ 32. Kf1 Nf4 33. a5
Nxg2 34. Rc7 Ne3+ 35. Kg1 Nd5 36. exd5 1-0

[Event "Tournoi Skype 017B"]
[Site "Skype"]
[Date "????.??.??"]
[Round "4.5"]
[White "Torres, Vicky"]
[Black "Sauvaget, Joel"]
[Result "0-1"]
[WhiteElo "1323"]
[BlackElo "1561"]
[PlyCount "92"]

1. c4 d6 2. Nc3 Nf6 3. g3 e6 4. Bg2 Be7 5. e3 O-O 6. d4 c6 7. Nge2 d5 8. b3
Nbd7 9. O-O Re8 10. Nf4 Bd6 11. e4 e5 12. dxe5 Bxe5 13. exd5 Bxc3 14. Rb1 cxd5
15. Nxd5 Nxd5 16. Qxd5 Nf6 17. Qxd8 Rxd8 18. Ba3 Rb8 19. Rbc1 Be5 20. Bc5 b6
21. Bb4 Bb7 22. Bxb7 Rxb7 23. c5 bxc5 24. Bxc5 h6 25. Rfe1 Re8 26. f4 Bb2 27.
Rxe8+ Nxe8 28. Rd1 Nf6 29. Rd8+ Kh7 30. Ra8 Rb5 31. Bxa7 Ra5 32. b4 Rxa2 33. b5
Bd4+ 34. Kh1 Rxa7 35. Rd8 Bb6 36. Rb8 Nd7 37. Re8 Rb7 38. Re7 Kg8 39. h4 Kf8
40. Re4 Nf6 41. Rc4 Rb8 42. Rc6 Ne8 43. g4 f6 44. g5 fxg5 45. fxg5 hxg5 46.
hxg5 Bc7 0-1

[Event "Tournoi Skype 017B"]
[Site "Skype"]
[Date "????.??.??"]
[Round "4.6"]
[White "Battaglia, Gabriele"]
[Black "Rescober, Joel Plata"]
[Result "1-0"]
[WhiteElo "1301"]
[BlackElo "1480"]
[PlyCount "63"]

1. d4 Nf6 2. d5 d6 3. Nc3 e6 4. e4 c6 5. Bg5 Nbd7 6. Bxf6 Nxf6 7. Bc4 Be7 8.
Nf3 a6 9. O-O O-O 10. a4 Bd7 11. b4 Rc8 12. Qe2 Re8 13. b5 cxd5 14. exd5 exd5
15. Nxd5 a5 16. Qd3 Be6 17. Nxe7+ Rxe7 18. Bxe6 Rxe6 19. Nd4 Re5 20. Nf5 Rd5
21. Nd4 Qb6 22. c3 Qc7 23. Rac1 Rh5 24. Qg3 Ne4 25. Qf3 d5 26. Qxh5 Re8 27.
Rfe1 Re5 28. Qf3 Ng5 29. Qf4 f6 30. Rxe5 Qxe5 31. Qxe5 fxe5 32. Nf5 1-0

[Event "Tournoi Skype 017B"]
[Site "Skype"]
[Date "????.??.??"]
[Round "4.7"]
[White "Milanese, Serge"]
[Black "Martin, Jean-Claude"]
[Result "1-0"]
[WhiteElo "1294"]
[BlackElo "1455"]
[PlyCount "89"]

1. d4 e5 2. c4 Bb4+ 3. Nc3 Bxc3+ 4. bxc3 d6 5. e3 Nf6 6. h3 O-O 7. Bd3 Re8 8.
d5 c5 9. Bc2 Qa5 10. Bb2 Bd7 11. e4 b5 12. Bb3 Nxe4 13. Ne2 b4 14. O-O bxc3 15.
Bc1 Nd2 16. Re1 Nxb3 17. Qxb3 Ba4 18. Qxc3 Qxc3 19. Nxc3 Bd7 20. Ne4 Na6 21. a3
Reb8 22. Nxd6 f6 23. Bd2 Rb2 24. Bc3 Rb3 25. Re3 Rab8 26. g4 Rb1+ 27. Rxb1
Rxb1+ 28. Kg2 Rb3 29. Bxe5 Rxe3 30. fxe3 fxe5 31. Kf3 Kf8 32. Ke4 g6 33. Kxe5
Ke7 34. Ne4 Bxg4 35. d6+ Kd8 36. hxg4 h5 37. gxh5 gxh5 38. Ng5 Nb8 39. Kd5 Nd7
40. e4 h4 41. e5 a6 42. e6 Nf6+ 43. Kxc5 Nd7+ 44. exd7 Kxd7 45. Kd5 1-0

[Event "Tournoi Skype 017B"]
[Site "Skype"]
[Date "????.??.??"]
[Round "4.8"]
[White "Khatanhar, Mohit"]
[Black "Galani, Mahendra"]
[Result "1-0"]
[WhiteElo "1283"]
[BlackElo "1448"]
[PlyCount "93"]

1. e4 b6 2. Nf3 Bb7 3. d3 e6 4. d4 Ne7 5. Qe2 Nd5 6. c3 d6 7. e5 dxe5 8. Nxe5
Qe7 9. Be3 Nxe3 10. Qxe3 f6 11. Nf3 Qf7 12. Be2 Bd6 13. O-O Qh5 14. Nbd2 g5 15.
Qxe6+ Be7 16. Rae1 Qf7 17. Bb5+ c6 18. Qxf7+ Kxf7 19. Bc4+ Kf8 20. Re6 Bc8 21.
Re3 Nd7 22. Rfe1 Bd6 23. Ne4 Bf4 24. R3e2 Bb7 25. g3 Bc7 26. Be6 Rd8 27. Bxd7
Rxd7 28. Nxf6 Rf7 29. Re8+ Kg7 30. Nh5+ Kg6 31. Rxh8 Rxf3 32. Re6+ Kxh5 33.
Rxh7+ Kg4 34. h3+ Kf5 35. Rf7+ Kxe6 36. Rxf3 c5 37. Re3+ Kd5 38. c4+ Kxd4 39.
Re7 Bxg3 40. fxg3 Bc8 41. Rxa7 Bxh3 42. Rb7 Kxc4 43. Rxb6 Kd5 44. a4 c4 45. a5
Kc5 46. Rg6 g4 47. a6 1-0

[Event "Tournoi Skype 017B"]
[Site "Skype"]
[Date "????.??.??"]
[Round "4.9"]
[White "Lequeux, Pierre"]
[Black "Rivas, Jonathan"]
[Result "0-1"]
[WhiteElo "1243"]
[BlackElo "1433"]
[PlyCount "52"]

1. e4 c5 2. Bc4 d6 3. Nf3 Nc6 4. Ng5 Nh6 5. d3 g6 6. Nc3 Bg7 7. Nf3 O-O 8. h3
Na5 9. b3 Nxc4 10. Bxh6 Bxc3+ 11. Kf1 Nb2 12. Qc1 Re8 13. Rb1 Qa5 14. Rxb2 d5
15. e5 Bd7 16. Ke2 c4 17. bxc4 dxc4 18. d4 Bb5 19. Bd2 a6 20. Bxc3 Qxc3 21. Rb1
Rad8 22. Rd1 Qa5 23. a3 c3+ 24. Ke1 Qc7 25. Nh2 Qc4 26. f4 Qe2# 0-1

[Event "Tournoi Skype 017B"]
[Site "Skype"]
[Date "????.??.??"]
[Round "4.10"]
[White "Tamditi, Ibrahim"]
[Black "Perrone, Gabriel Lorenzo"]
[Result "1-0"]
[WhiteElo "1288"]
[BlackElo "1390"]
[PlyCount "71"]

1. e4 e5 2. Bc4 Nf6 3. Nc3 c6 4. Nf3 d5 5. exd5 cxd5 6. Bb5+ Bd7 7. Nxe5 Bxb5
8. Nxb5 Nc6 9. Nxc6 bxc6 10. Nd4 Rc8 11. O-O Be7 12. Re1 O-O 13. Nf5 Re8 14. d4
Qd7 15. Qf3 c5 16. Be3 Bf8 17. c3 g6 18. Ng3 cxd4 19. Bxd4 Rxe1+ 20. Rxe1 Re8
21. Rd1 Ne4 22. Nxe4 Rxe4 23. Qf6 Rxd4 24. Qxd4 Qb7 25. b3 Bg7 26. Qe3 Qb6 27.
Qe8+ Bf8 28. Rxd5 Qe6 29. Qxe6 fxe6 30. Rd8 Kf7 31. Rd7+ Kg8 32. Rxa7 Bg7 33.
c4 Bd4 34. Rd7 Bc5 35. a4 Bb4 36. Rb7 1-0

[Event "Tournoi Skype 017B"]
[Site "Skype"]
[Date "????.??.??"]
[Round "4.12"]
[White "Sepulveda, Lyda Marcela"]
[Black "Sahrane, Juba"]
[Result "1-0"]
[WhiteElo "1368"]
[BlackElo "1222"]
[PlyCount "43"]

1. e4 e5 2. Nf3 Nf6 3. Nc3 d6 4. d4 exd4 5. Nxd4 c5 6. Nf3 Be7 7. Bc4 O-O 8.
O-O b6 9. e5 dxe5 10. Nxe5 Bd6 11. Re1 Qc7 12. Nb5 Qe7 13. Nxd6 Be6 14. Bxe6
fxe6 15. Bg5 Rd8 16. Bxf6 gxf6 17. Qg4+ Kf8 18. Nef7 f5 19. Qf4 Rd7 20. Qe5
Rxd6 21. Nxd6 Nc6 22. Qh8# 1-0

[Event "Tournoi Skype 017B"]
[Site "Skype"]
[Date "????.??.??"]
[Round "4.13"]
[White "Karia, Kirti"]
[Black "Kruk, Clementine"]
[Result "1-0"]
[WhiteElo "1354"]
[BlackElo "1187"]
[PlyCount "53"]

1. e4 e5 2. Nf3 Nc6 3. d4 exd4 4. Bc4 Bc5 5. c3 Nf6 6. cxd4 Bb4+ 7. Bd2 Bxd2+
8. Qxd2 Nxe4 9. Qe2 d5 10. Bb3 Bg4 11. h3 Bh5 12. O-O Nxd4 13. Qd3 Nxf3+ 14.
gxf3 Qg5+ 15. Kh1 O-O-O 16. fxe4 dxe4 17. Qxe4 Qb5 18. Nc3 Qd3 19. Qxd3 Rxd3
20. Kh2 f5 21. Rfe1 Rd2 22. Kg2 Rxb2 23. Be6+ Kd8 24. Bxf5 g6 25. Bg4 Rc2 26.
Rad1+ Rd2 27. Rxd2# 1-0

[Event "Tournoi Skype 017B"]
[Site "Skype"]
[Date "????.??.??"]
[Round "4.14"]
[White "Vincent, Andre"]
[Black "Vervoort, Jean-Louis"]
[Result "1-0"]
[WhiteElo "1187"]
[BlackElo "1330"]
[PlyCount "75"]

1. e4 d5 2. exd5 Qxd5 3. Nc3 Qa5 4. Nf3 e5 5. Be2 Nc6 6. O-O Bc5 7. d4 Nxd4 8.
Nxe5 Bb6 9. Nf3 Nxe2+ 10. Qxe2+ Be6 11. Qb5+ c6 12. Qxa5 Bxa5 13. Bf4 Nf6 14.
Rad1 O-O 15. h3 Rfe8 16. b3 Re7 17. Na4 b6 18. Bd6 Ree8 19. Ng5 h6 20. Nxe6
Rxe6 21. Bf4 Rae8 22. Kh2 g5 23. Bd2 Bxd2 24. Rxd2 Ne4 25. Re2 Nf6 26. Rxe6
Rxe6 27. Nc3 Kg7 28. g4 Kg6 29. Kg3 b5 30. a3 a5 31. b4 axb4 32. axb4 Rd6 33.
f3 Rd2 34. Rf2 Rd4 35. Na2 h5 36. gxh5+ Kxh5 37. c3 Nh7 38. cxd4 1-0